00887cam a22002414a 4500020001500000020002100015040000800036082002600044100001800070245002900088250001200117260006400129300003400193650001800227650002000245650002600265856006100291856006500352856005700417942000700474999001700481952014700498 a0521818559 a0521522714 (pb.) cDLC00a330 CAM 2003 A075 Co.1 aHsiao, Cheng,10aAnalysis of panel data / a2nd ed. aCambridge ;aNew York :bCambridge University Press,c2003. axiv, 366 p. :bill. ;c24 cm. 0aEconometrics. 0aPanel analysis. 0aAnalysis of variance.41uhttp://www.loc.gov/catdir/samples/cam031/2002023348.html42uhttp://www.loc.gov/catdir/description/cam022/2002023348.html41uhttp://www.loc.gov/catdir/toc/cam026/2002023348.html cEK c15250d15250 0010406330_000000000000000_CAM_2003_A075_CO70968114aLBAbLBAcA075d2017-11-14o330 CAM 2003 A075 Co.pA07166r2017-11-14w2017-11-14yEK